书目信息 |
| 题名: |
管人的悬疑
|
|
| 作者: | 独狼 著 | |
| 分册: | ||
| 出版信息: | 北京 地震出版社 2005.05 |
|
| 页数: | 194页 | |
| 开本: | 24cm | |
| 丛书名: | ||
| 单 册: | ||
| 中图分类: | F272.92 | |
| 科图分类: | ||
| 主题词: | 企业管理--qi ye guan li--人事管理 | |
| 电子资源: | ||
| ISBN: | 7-5028-2655-6 | |
| 000 | 00782nam0 2200229 450 | |
| 001 | 012006363827 | |
| 005 | 20060701082147.93 | |
| 010 | @a7-5028-2655-6@dCNY28.80 | |
| 100 | @a20060609d2005 km y0chiy0120 ea | |
| 101 | 0 | @achi |
| 102 | @aCN@b110000 | |
| 105 | @ay z 000yy | |
| 200 | 1 | @a管人的悬疑@Aguan ren de xuan yi@e再说达·芬奇密码@f独狼著@Fdu lang zhu |
| 210 | @a北京@c地震出版社@d2005.05 | |
| 215 | @a194页@d24cm | |
| 330 | @a本书内容包括:“从还没进门的那天开始”、“管理者与员工的博弈”、“沟通障碍与共赢游戏”、“感性使人容易犯错误”等。 | |
| 517 | 1 | @a再说达·芬奇密码@Azai shuo da·fen qi mi ma |
| 606 | 0 | @a企业管理@Aqi ye guan li@x人事管理 |
| 690 | @aF272.92@v4 | |
| 701 | 0 | @a独狼@Adu lang@4著 |
| 801 | 0 | @aCN@bQSSK@c20060701 |
| 905 | @a10447@dF272.92@eD789 | |
| 管人的悬疑:再说达·芬奇密码/独狼著.-北京:地震出版社,2005.05 |
| 194页;24cm |
| ISBN 7-5028-2655-6:CNY28.80 |
| 本书内容包括:“从还没进门的那天开始”、“管理者与员工的博弈”、“沟通障碍与共赢游戏”、“感性使人容易犯错误”等。 |
| ● |
| 相关链接 |
|
|
|
正题名:管人的悬疑
索取号:F272.92/D789
 
预约/预借
| 序号 | 登录号 | 条形码 | 馆藏地/架位号 | 状态 | 备注 |
| 1 | 581715 | 205817151 | 社科二线422/422社科库 3排1列1层/ [索取号:F272.92/D789] | 在馆 | |
| 2 | 581716 | 205817160 | 社科库409/409社科库 89排4列4层/ [索取号:F272.92/D789] | 在馆 | |
| 3 | 581717 | 205817179 | 社科二线422/422社科库 3排1列1层/ [索取号:F272.92/D789] | 在馆 |